000 00840nam a2200253 a 4500
001 BRCA_8539
005 20190320210326.0
008 110816s1511----ag-a######---#000-0#eng-#
041 _aeng
050 4 _aBT595
_b.D83
_c1511
100 1 _aDuder
_921410
245 1 0 _aThe life of the virgin
_cDuder.
260 _a[s.l.]
_b[s.i.]
_c1511
300 _a1 vol. (sin paginación)
_bil.
_c53 cm
500 _aFondo antiguo
500 _aSe encuentra en Caja Fuerte
500 _aW-8/R-36b
500 _aImpresiones de 20 grabados
500 _aNota de encuadernación: en piel con ornamentos, edición de cantos dorados
506 0 _aFondo reservado: para su consulta es necesario credencial de usuario y carta de motivos
650 1 4 _aMaría
_eBendita Virgen, Santa
_vTrabajos anteriores a 1800
_921411
902 _aLAR
942 _2lcc
_cB
999 _c8203
_d8203